| 000 | 01055nam a2200241Ia 4500 | ||
|---|---|---|---|
| 003 | Ost | ||
| 005 | 20260507075650.0 | ||
| 008 | 260507s9999||||xx |||||||||||||| ||und|| | ||
| 020 | _a7308287977 | ||
| 040 | _cfsecg | ||
| 041 | _aara | ||
| 082 | _a5.369 | ||
| 100 |
_aاسماعيل، محمود _eمؤلف |
||
| 245 | 0 |
_aإنشاء وإدارة قواعد البيانات بإستخدام Access xp مع دعم لمستخدمي Office / _c محمود اسماعيل |
|
| 260 |
_aالقاهرة: _bدار الكتب العلمية للنشر والتوزيع, _c2003 |
||
| 300 |
_a430 صفحة؛ _bإيضاحات ؛ _c24 سم |
||
| 504 | _aالملاحق ص. 430 | ||
| 520 | _aمكونات قاعدة البيانات- العمليات الأساسية على قواعد البيانات- نظام إدارة قواعد البيانات- الجداول- الإستعلامات- النماذج- التقارير. | ||
| 653 | _aالبرمجيات | ||
| 653 | _aعلم الحاسوب | ||
| 653 | _aقواعد البيانات | ||
| 942 | _cكتاب | ||
| 999 |
_c45571 _d45571 |
||